00249nam a22000977a 4500040001200000082001300012100001600025245006400041260003600105300001000141 cMSOHAIL a891.4391 aAhmed Faraz aKhawab e Gul Pareshan Hai / خواب گل پریشان ہے aLahorebDost Publicationcc2006 a155;p